000
00407nam a2200133Ia 4500
008
100328s9999 xx 000 0 und d
082
_b
9016
100
_a
धोंड मधुकर वासुदेव
245
_a
मऱ्हाटी लावणी
260
_b
मौज
630
_a
मऱ्हाटी लावणी
730
_a
मऱ्हाटी लावणी
942
_c
BOOK
999
_c
504744
_d
504741